LDR 00812naa#a2200181#i#450# 001 RU\\bibl\118988 005 20260415055857.3 011 ## _a1999-9917 100 ## _a20260330b2026####ek#y0rusy0150####ca 102 ## _aRU 200 1# _aНЕКОТОРЫЕ ВОПРОСЫ РЕАЛИЗАЦИИ ФЕДЕРАЛЬНОГО ЗАКОНА «О ПРОБАЦИИ В РОССИЙСКОЙ ФЕДЕРАЦИИ» _eЖурнальная статья 210 1# _aРязань _cАкадемия ФСИН России _d2026 215 ## _a5 с. 608 ## _aЖурнальная статья _2local 675 ## _aИсполнение наказания без лишения свободы. 343.847 _z 700 #1 _aЗлотников _gСергей Анатольевич 700 #1 _aСеднев _gСергей Петрович 856 4# _amcp.editorum.ru _u